| 000 | 00779nam a2200193 i 4500 | ||
|---|---|---|---|
| 001 | 162901 | ||
| 003 | ES-MaACL | ||
| 005 | 20250907063124.0 | ||
| 008 | 031001s1887 sp |||| | spa d | ||
| 040 |
_aCCPB | B _bspa _cCCPB | B |
||
| 100 | 1 |
_aRahola y Trémols, Federico, _d1858-1919 _995016 |
|
| 245 | 1 | 0 |
_aEconomistas españoles de los siglos XVI y XVII / _cFederico Rahola. |
| 260 |
_aBarcelona : _bimprenta de Luís Tasso Serra, _c1887. |
||
| 300 |
_a83 p. ; _c18 cm. |
||
| 650 | 4 |
_aEconomía- _zEspaña- _yS.XVI. _9163703 |
|
| 650 | 4 |
_aEconomía- _zEspaña- _yS.XVII. _9163704 |
|
| 852 |
_aES-MaACL _jT-1300-F-3 _z-- Enc. hol., conservando la enc. original _x-- T260: La fecha consta en la cub. posterior; el texto esta fechado en 1885 |
||
| 999 |
_c162901 _d162901 |
||